[Event "IECC Swiss email"]
[Site "IECC email"]
[Date "1998.11.27"]
[Round "1"]
[White "McFly, George"]
[Black "Hansen, Michael"]
[Result "1-0"]
[WhiteElo "1864"]
[BlackElo "1631"]
[PlyCount "45"]
[EventDate "1998.??.??"]
[EventType "tourn (corr)"]
[EventRounds "6"]
[SourceTitle "Corr 2008"]
[Source "ChessBase"]
[SourceDate "2008.06.24"]
[SourceVersion "1"]
[SourceVersionDate "2008.06.24"]
[SourceQuality "1"]

1. e4 c6 2. d4 d5 3. Nc3 dxe4 4. Nxe4 Bf5 5. Ng3 Bg6 6. Nf3 Nd7 7. Bd3 Bxd3 8. Qxd3 e6 9. 0-0 Ngf6 10. Re1 Be7 11. c4 0-0 12. b3 Qc7 13. Bb2 Nb6 14. Ne4 Nxe4 15. Rxe4 Nd7 16. Rae1 Nf6 17. Rh4 g6 18. Qd2 Rfd8 19. Rh3 Nh5 20. Rxh5 gxh5 21. Qh6 Bf8 22. Qg5+ Bg7 23. d5 1-0

[Event "IECC KO email"]
[Site "IECC email"]
[Date "1998.11.15"]
[Round "1"]
[White "McFly, George"]
[Black "Wilhelms, Harald"]
[Result "1-0"]
[WhiteElo "1860"]
[BlackElo "1794"]
[PlyCount "91"]
[EventDate "1998.??.??"]
[EventType "tourn (corr)"]
[EventRounds "6"]
[SourceTitle "Corr 2008"]
[Source "ChessBase"]
[SourceDate "2008.06.24"]
[SourceVersion "1"]
[SourceVersionDate "2008.06.24"]
[SourceQuality "1"]

1. e4 e5 2. Nf3 Nc6 3. Bb5 a6 4. Ba4 Nf6 5. 0-0 Be7 6. Re1 b5 7. Bb3 0-0 8. c3 d5 9. exd5 Nxd5 10. Nxe5 Nxe5 11. Rxe5 c6 12. Bxd5 cxd5 13. d4 Bd6 14. Re1 Qh4 15. g3 Qh3 16. Qf3 Bb7 17. Be3 Rfe8 18. Nd2 Rac8 19. Bf4 Bxf4 20. Qxf4 Bc6 21. Nf3 f6 22. Qd6 Qd7 23. Qxd7 Bxd7 24. Rxe8+ Rxe8 25. Re1 Kf7 26. Rxe8 Kxe8 27. Nd2 Ke7 28. f3 a5 29. Kf2 Bf5 30. Ke3 a4 31. b3 Be6 32. Kd3 Bf5+ 33. Ke2 axb3 34. axb3 Ke6 35. Kd1 Bd3 36. Kc1 Be2 37. Kb2 g5 38. Ka3 Bd3 39. Kb4 Kd6 40. f4 g4 41. Ka5 Ke7 42. Kb6 Kd6 43. b4 h5 44. Nb3 Bc4 45. Nc5 Be2 46. Na6 1-0